000 03278cam a22012134i 4500
003 PE-LiUPU
005 20250813185506.0
008 150625s2003 sp a rb 000 0 spa d
035 _a(Sirsi) a35736
040 _aPE-LiUPU
_bspa
_cPE-LiUPU
_dPE-LiUPU
_erda
049 _aPRUA
082 0 4 _a362.11
_bC77
_221
100 1 _aCorella, José María,
_eautor.
245 1 0 _aCómo preparar estudios de inversión en el sector sanitario /
_cJosé María Corella.
264 1 _aMadrid :
_bDiaz de Santos,
_c2003.
300 _a91 páginas :
_bilustraciones ;
_c22 centímetros
336 _atext
_2rdacontent
337 _aunmediated
_2rdamedia
338 _avolume
_2rdacarrier
504 _aIncluye bibliografía.
505 0 _aConsideraciones generales sobre los estudios de inversión -- alcance de un proyecto de inversión -- Secuencia de los aspectos fundamentales de un estudio de inversión. Determinación de la demanda que se pretende satisfacer. Tecnología, equipo, ubicación e infraestructura auxiliar -- Resumen de decisiones a adoptar durante las diferentes etapas del proceso de inversión.
526 _aP202
526 _aP201
526 _aP163
526 _aP162
526 _aP161
526 _aP160
526 _aP148
526 _aP147
526 _aP146
526 _aP145
526 _aP144
526 _aP143
526 _aP142
526 _aP141
526 _aP140
526 _aP139
526 _aP138
526 _aP137
526 _aP136
526 _aP135
526 _aP134
526 _aP133
526 _aP129
526 _aP128
526 _aP127
526 _aP120
526 _aP119
526 _aP118
526 _aP116
526 _aP115
526 _aP114
526 _aP110
526 _aP109
526 _aP108
526 _aP104
526 _aP103
526 _aP102
526 _aP99
526 _aP98
526 _aP97
526 _aP96
526 _aP95
526 _aP93
526 _aP90
526 _aP89
526 _aP88
526 _aP83
526 _aP82
526 _aP62
526 _aP59
526 _aP58
526 _aP57
526 _aP51
526 _aP49
526 _aP48
526 _aP47
526 _aP29
526 _aP24
526 _aP20
526 _aP19
526 _aP17
526 _aP15
526 _aP14
526 _aP12
526 _aP10
526 _aP09
526 _aP08
526 _aP07
526 _aP06
526 _aP05
526 _aP04
526 _aP01
541 _g0017720;
650 0 4 _aServicios de salud
_xAspectos económicos.
650 0 4 _aMarketing de servicios de salud.
650 0 4 _aSalud
_xAdministración y servicios.
910 _bnm
_caj
_d20050209
942 _2ddc
_cBOOK
949 _a362.11 C77
_wDEWEY
_c1
_i55114
_lCCODEBUL1
_mBUL
_p12.00
_r0
_sY
_tBOOK
_u2015-06-25
_xTEOLOGIA
_zUNKNOWN
_0COMPRA
_o.STAFF. Colección Ciencias de la Salud
994 _aC0
_bPEPRU
596 _a1
999 _a362.11 C77
_wDEWEY
_c43733
_i55114
_f2021-11-3
_g6
_lCCODEBUL1
_mBUL
_p12.00
_r0
_sY
_tBOOK
_u2015-6-25
_xSALUD
_zUNKNOWN
_0COMPRA
_o.STAFF. Colección Ciencias de la Salud
_d43733
980 _81
_gALBERTO SANCHEZ Responsable de Automatización